<?xml version="1.0" encoding="UTF-8"?>
<record
    xmlns:xsi="http://www.w3.org/2001/XMLSchema-instance"
    xsi:schemaLocation="http://www.loc.gov/MARC21/slim http://www.loc.gov/standards/marcxml/schema/MARC21slim.xsd"
    xmlns="http://www.loc.gov/MARC21/slim">

  <leader>00304nam a22001097a 4500</leader>
  <controlfield tag="008">140106b        xxu||||| |||| 00| 0 eng d</controlfield>
  <datafield tag="010" ind1=" " ind2=" ">
    <subfield code="a">2008044161</subfield>
  </datafield>
  <datafield tag="020" ind1=" " ind2=" ">
    <subfield code="a">9781420079135</subfield>
  </datafield>
  <datafield tag="082" ind1=" " ind2=" ">
    <subfield code="2">3rd Ed</subfield>
    <subfield code="a">620.001MAI</subfield>
    <subfield code="b">002473</subfield>
  </datafield>
  <datafield tag="245" ind1=" " ind2=" ">
    <subfield code="a">The Art of Systems Architecting </subfield>
    <subfield code="c">Maier Mark W</subfield>
  </datafield>
  <datafield tag="260" ind1=" " ind2=" ">
    <subfield code="a">USA</subfield>
    <subfield code="b">CRC Press</subfield>
    <subfield code="c">2009</subfield>
  </datafield>
  <datafield tag="999" ind1=" " ind2=" ">
    <subfield code="c">23766</subfield>
    <subfield code="d">23766</subfield>
  </datafield>
  <datafield tag="952" ind1=" " ind2=" ">
    <subfield code="0">0</subfield>
    <subfield code="1">0</subfield>
    <subfield code="2">ddc</subfield>
    <subfield code="4">0</subfield>
    <subfield code="7">0</subfield>
    <subfield code="a">RCMS</subfield>
    <subfield code="b">RCMS</subfield>
    <subfield code="c">GEN</subfield>
    <subfield code="d">2014-01-06</subfield>
    <subfield code="l">0</subfield>
    <subfield code="o">620.001MAI </subfield>
    <subfield code="p">RCMS002473</subfield>
    <subfield code="r">2018-01-12</subfield>
    <subfield code="w">2014-01-06</subfield>
    <subfield code="y">BK</subfield>
  </datafield>
  <datafield tag="952" ind1=" " ind2=" ">
    <subfield code="0">0</subfield>
    <subfield code="1">0</subfield>
    <subfield code="2">ddc</subfield>
    <subfield code="4">0</subfield>
    <subfield code="7">0</subfield>
    <subfield code="a">RCMS</subfield>
    <subfield code="b">RCMS</subfield>
    <subfield code="d">2014-06-18</subfield>
    <subfield code="l">0</subfield>
    <subfield code="o">620.001MAI </subfield>
    <subfield code="p">RCMS002580</subfield>
    <subfield code="r">2014-06-18</subfield>
    <subfield code="w">2014-06-18</subfield>
    <subfield code="y">BK</subfield>
  </datafield>
</record>
